| 000 | 01146pam a2200337 a 4500 | ||
|---|---|---|---|
| 001 | BK0008826005 | ||
| 003 | DLC | ||
| 005 | 20241220125752.0 | ||
| 008 | 100312s2010 nyua b 000 1 eng | ||
| 010 | _a2010004982 | ||
| 020 |
_a9780316015486 : SAL _c$16.99 |
||
| 020 |
_a0316015482 : SAL _c$16.99 |
||
| 037 |
_bLittle Brown & Co, 3 Center Plaza 3rd Floor, Boston, MA, USA, 02108-2003 _nSAN 200-2205 |
||
| 040 |
_aDLC _cDLC _dGCmBT |
||
| 050 | 0 | 0 |
_aPZ7.B81668 _bCh 2010 |
| 082 | 0 | 0 |
_a[E] _222 |
| 092 | _aE | ||
| 092 | _aBROWN | ||
| 100 | 1 |
_aBrown, Peter, _d1979- _95810277 |
|
| 245 | 1 | 0 |
_aChildren make terrible pets / _cPeter Brown. |
| 250 | _a1st ed. | ||
| 260 |
_aNew York : _bLittle, Brown, _c2010. |
||
| 300 |
_a1 v. (unpaged) : _bcol. ill. ; _c29 cm. |
||
| 520 | _aWhen Lucy, a young bear, discovers a boy lost in the woods, she asks her mother if she can have him as a pet, only to find him impossible to train. | ||
| 650 | 1 |
_aPets _vFiction. _95674711 |
|
| 650 | 1 |
_aBears _vFiction. _95674592 |
|
| 650 | 1 |
_aLost children _vFiction. _95705909 |
|
| 650 | 1 |
_aHumorous stories. _96213276 |
|
| 942 |
_cBOOK _0386 |
||
| 998 | _aa137861 | ||
| 999 |
_c72349 _d72349 |
||